| 000 | 00526nam a22001817a 4500 | ||
|---|---|---|---|
| 999 |
_c4260 _d4260 |
||
| 003 | AR-CdUCM | ||
| 008 | 190308b ||||| |||| 00| 0 spa d | ||
| 040 |
_aMUNICIPALIDAD PROVINCIAL DEL CUSCO _cBIBLIOTECA MUNICIPAL DEL CUSCO |
||
| 082 |
_a741.5 / _bT76 |
||
| 100 |
_aTovar, Carlos _913470 |
||
| 245 | _aBasta ya carlin / | ||
| 260 |
_aLima : _bHorizonte, _c1982. |
||
| 300 |
_a128 páginas ; _c23 cm. |
||
| 505 | _aContiene: caricaturas. | ||
| 650 |
_acaricaturas. _913471 |
||
| 942 |
_2ddc _cLIBROS |
||
| 945 |
_awfj _d2019-03-08 |
||